<?xml version="1.0" encoding="UTF-8"?>
<collection xmlns="http://www.loc.gov/MARC21/slim">
 <record>
  <leader>00909pamaa2200229   4500</leader>
  <controlfield tag="001">0000043382</controlfield>
  <controlfield tag="005">20100514090000.0</controlfield>
  <controlfield tag="008">100201                             eng  </controlfield>
  <datafield tag="020" ind1="0" ind2="0">
   <subfield code="a">9780324227130 (pbk.) </subfield>
  </datafield>
  <datafield tag="090" ind1="0" ind2="0">
   <subfield code="a">HD30.28 </subfield>
   <subfield code="b">HIT 2005</subfield>
  </datafield>
  <datafield tag="100" ind1="1" ind2="0">
   <subfield code="a">Hitt </subfield>
  </datafield>
  <datafield tag="245" ind1="1" ind2="0">
   <subfield code="a">Strategic management : </subfield>
   <subfield code="b">competitiveness and globalization : </subfield>
   <subfield code="b">competitiveness and globalization : </subfield>
   <subfield code="b">concepts and cases  </subfield>
   <subfield code="c">Michael A. Hitt, R. Duane Ireland, Robert E. Hoskisson.</subfield>
  </datafield>
  <datafield tag="250" ind1="0" ind2="0">
   <subfield code="a">6th ed.</subfield>
  </datafield>
  <datafield tag="260" ind1="0" ind2="0">
   <subfield code="a">Mason, Ohio: </subfield>
   <subfield code="b">Thomson/South-Western, </subfield>
   <subfield code="c">2005.</subfield>
  </datafield>
  <datafield tag="300" ind1=" " ind2=" ">
   <subfield code="a">xv, 512, xvi, 29 p.: </subfield>
   <subfield code="b">col. ill.; </subfield>
   <subfield code="c">26 cm.</subfield>
  </datafield>
  <datafield tag="500" ind1="0" ind2="0">
   <subfield code="a">Includes free passcode to InfoTrac college edition, the online library</subfield>
  </datafield>
  <datafield tag="504" ind1="0" ind2="0">
   <subfield code="a">Includes bibliographical references and index</subfield>
  </datafield>
  <datafield tag="650" ind1="0" ind2="0">
   <subfield code="a">Strategic planning </subfield>
  </datafield>
  <datafield tag="650" ind1="0" ind2="0">
   <subfield code="a">Industrial management </subfield>
  </datafield>
  <datafield tag="700" ind1="1" ind2="1">
   <subfield code="a">Hoskisson, </subfield>
   <subfield code="h">Robert E. </subfield>
  </datafield>
  <datafield tag="700" ind1="1" ind2="1">
   <subfield code="a">Ireland, </subfield>
   <subfield code="h">R. Duane </subfield>
  </datafield>
  <datafield tag="901" ind1=" " ind2=" ">
   <subfield code="u">http://www.swlearning.com</subfield>
  </datafield>
 </record>
</collection>
